Statistics for AC Milan Scorers in Serie A 2019-20

Click here to take the quiz!

General Stats

  • This quiz has been taken 81 times
  • The average score is 10 of 14

Answer Stats

PlayerGoals% Correct
Zlatan Ibrahimović10
94%
Alessio Romagnoli1
81%
Ante Rebić11
81%
Rafael Leão6
81%
Franck Kessié4
75%
Hakan Çalhanoğlu9
75%
Theo Hernández6
71%
Davide Calabria1
69%
Ismaël Bennacer1
64%
Suso1
64%
Samu Castillejo2
62%
Krzysztof Piątek4
60%
Giacomo Bonaventura3
40%
Alexis Saelemaekers1
35%

Score Distribution

Percentile by Number Answered

Percent of People with Each Score

Your Score History

You have not taken this quiz